• 首页
  • 本馆介绍
  • 公告通知
  • 最新文献
  • 馆藏检索
  • 电子资源
  • 读者导购
  • 参考咨询
  • 我的图书馆
  • 登录
  • 详细信息显示
  • 放入我的书架
  • 预约/预借图书
  • 作者相关作品
  • 分类相关作品
  • 丛书相关作品
  • 出版社相关作品

书目信息

  • 表格格式
  • 工作单格式
  • 卡片格式
题名:
教师参考书
    
 
作者: 王沂清 编
分册: 第三册   英语(理工科用)
出版信息: 上海   上海译文出版社  1982
页数: 240页
开本: 19cm
丛书名:
单 册:
中图分类: H31-42
科图分类:
主题词: 英语--教学参考资料
电子资源:
ISBN:
000 00703nam0 2200253 45
001 0182004838
005 20070923085822.85
010    @dCNY0.63
091    @a9188.160
100    @a19950608d1982 em y0chiy0121 ea
101 0  @achi
102    @aCN@b310000
105    @ay z 000yy
200 10 @a教师参考书@Ajiao shi can kao shu@i英语(理工科用)@h第三册@f王沂清编
210    @a上海@c上海译文出版社@d1982
215    @a240页@d19cm
300    @a高等学校教学参考书
517 1  @a英语(理工科用)@Aying yu(li gong ke yong)
606    @a英语@x教学参考资料
690    @aH31-42@v3
701  0 @a王沂清@Awang yi qing@4编
801  2 @aCN@bNLC@c20070923
801  0 @aCN@bTSSF
905    @a10447@dH31-42@e1413:3
    
    教师参考书.英语(理工科用).第三册/王沂清编.-上海:上海译文出版社,1982
    240页;19cm
    高等学校教学参考书
    
    ISBN :CNY0.63
    
●
相关链接 在E读中查询图书 在五车中查询图书 在当当中查询图书 在豆瓣中查询图书


正题名:教师参考书     索取号:H31-42/1413:3         预约/预借

序号 登录号 条形码 馆藏地/架位号 状态 备注
1 626073   206260730   第二样本阅览室/ [索取号:H31-42/1413:3] 在馆    
唐山师范学院图书馆 欢迎您!
大连网信软件有限公司© 版权所有